[Event "46th Capablanca Memorial Premier"]
[Site "Havana CUB"]
[Date "2011.05.15"]
[Round "5"]
[White "Cordova, Emilio"]
[Black "Quesada Perez, Yuniesky"]
[Result "1/2-1/2"]
[WhiteTitle "GM"]
[BlackTitle "GM"]
[WhiteElo "2561"]
[BlackElo "2626"]
[WhiteFideId "3801497"]
[BlackFideId "3504409"]
[EventDate "2011.05.11"]

1. d4 Nf6 2. Nf3 e6 3. g3 b6 4. Bg2 Bb7 5. O-O Be7 6. c4 O-O 7. Nc3 Ne4 8. Qc2
Nxc3 9. bxc3 Nc6 10. Ne5 Na5 11. Bxb7 Nxb7 12. Qa4 d6 13. Nc6 Qd7 14. Nxe7+ Qxe7
15. Rd1 Qe8 16. Qa6 Qc6 17. Ba3 Na5 18. c5 d5 19. Bb4 Nc4 20. a4 Rfb8 21. a5 Qe8
22. e4 c6 23. exd5 cxd5 24. Ra2 Rc8 25. Rda1 b5 26. Rb1 h5 27. Raa1 Rc7 28. c6
Rb8 29. Bc5 Rxc6 30. Qxa7 Qc8 31. Qe7 f6 32. Bb6 Rb7 33. Qb4 Nxb6 34. Qxb5 Rb8
35. axb6 Rcxb6 36. Qxb6 Rxb6 37. Rxb6 Qxc3 38. Ra8+ Kh7 39. Rxe6 h4 40. gxh4
Qxd4 41. Rd6 Qd1+ 1/2-1/2

[Event "46th Capablanca Memorial Premier"]
[Site "Havana CUB"]
[Date "2011.05.15"]
[Round "5"]
[White "Bluvshtein, Mark"]
[Black "Vocaturo, Daniele"]
[Result "0-1"]
[WhiteTitle "GM"]
[BlackTitle "GM"]
[WhiteElo "2589"]
[BlackElo "2540"]
[WhiteFideId "2603608"]
[BlackFideId "813192"]
[EventDate "2011.05.11"]

1. d4 Nf6 2. c4 e6 3. Nc3 Bb4 4. f3 O-O 5. e4 d5 6. e5 Nfd7 7. f4 c5 8. cxd5
exd5 9. a3 Ba5 10. Nf3 cxd4 11. Qxd4 Nc6 12. Qd1 d4 13. Nxd4 Ndxe5 14. Nxc6
Qxd1+ 15. Kxd1 Nxc6 16. Be3 Re8 17. Bf2 Bf5 18. Bb5 Red8+ 19. Ke1 Nd4 20. Bxd4
Rxd4 21. Rf1 Re4+ 22. Be2 Rc8 23. Kd2 Rd8+ 24. Ke1 Rc8 25. Kd2 Re6 26. Rfd1 Bc7
27. Nd5 Rce8 28. Bf3 Rd6 29. Re1 Red8 30. Kc3 Be6 31. Nxc7 Rc8 32. Rac1 Rxc7+
33. Kb4 Rd4+ 34. Ka5 b6+ 35. Ka6 Bc8+ 36. Kb5 Bd7+ 37. Bc6 Rxc6 38. Rxc6 Rd5+ 0-1

[Event "46th Capablanca Memorial Premier"]
[Site "Havana CUB"]
[Date "2011.05.16"]
[Round "6"]
[White "Ortiz Suarez, Isan Reynaldo"]
[Black "Vocaturo, Daniele"]
[Result "0-1"]
[WhiteTitle "IM"]
[BlackTitle "GM"]
[WhiteElo "2569"]
[BlackElo "2540"]
[WhiteFideId "3507165"]
[BlackFideId "813192"]
[EventDate "2011.05.11"]

1. e4 c5 2. Nf3 d6 3. d4 cxd4 4. Nxd4 Nf6 5. Nc3 g6 6. Be3 Bg7 7. f3 O-O 8. Qd2
Nc6 9. Bc4 Bd7 10. O-O-O Rc8 11. Bb3 Nxd4 12. Bxd4 b5 13. h4 a5 14. h5 a4 15.
Bxf6 exf6 16. Bd5 f5 17. hxg6 hxg6 18. exf5 b4 19. fxg6 bxc3 20. gxf7+ Rxf7 21.
Bxf7+ Kxf7 22. Qxd6 cxb2+ 23. Kb1 Bf5 24. Qf4 Qf6 25. Qxa4 Qc3 26. Rd3 Qxd3 0-1

[Event "46th Capablanca Memorial Premier"]
[Site "Havana CUB"]
[Date "2011.05.16"]
[Round "6"]
[White "Leon Hoyos, Manuel"]
[Black "Bluvshtein, Mark"]
[Result "0-1"]
[WhiteTitle "GM"]
[BlackTitle "GM"]
[WhiteElo "2563"]
[BlackElo "2589"]
[WhiteFideId "5105269"]
[BlackFideId "2603608"]
[EventDate "2011.05.11"]

1. d4 Nf6 2. c4 e6 3. Nc3 Bb4 4. Qc2 O-O 5. a3 Bxc3+ 6. Qxc3 d5 7. Bg5 dxc4 8.
Qxc4 b6 9. Rd1 Ba6 10. Qa4 Qd7 11. Qc2 Qc6 12. Qxc6 Nxc6 13. Bxf6 gxf6 14. Nf3
Na5 15. b4 Nb7 16. Rc1 Rfc8 17. a4 Nd6 18. e3 Bb7 19. a5 bxa5 20. bxa5 c5 21.
Rxc5 Ne4 22. Rc4 Rxc4 23. Bxc4 Rc8 24. Be2 Rc1+ 25. Bd1 Bd5 26. Nh4 Rxd1+ 27.
Kxd1 Nxf2+ 28. Ke2 Nxh1 29. Kf1 Kf8 30. Kg1 Ke7 31. Kxh1 Kd6 32. Kg1 Kc6 33. Nf3
Bxf3 34. gxf3 Kb5 0-1

[Event "46th Capablanca Memorial Premier"]
[Site "Havana CUB"]
[Date "2011.05.16"]
[Round "6"]
[White "Quesada Perez, Yuniesky"]
[Black "Alvarez Pedraza, Aramis"]
[Result "0-1"]
[WhiteTitle "GM"]
[BlackTitle "GM"]
[WhiteElo "2626"]
[BlackElo "2538"]
[WhiteFideId "3504409"]
[BlackFideId "3507408"]
[EventDate "2011.05.11"]

1. e4 e5 2. Nf3 Nc6 3. Bb5 a6 4. Ba4 Nge7 5. c3 g6 6. O-O Bg7 7. d4 exd4 8. cxd4
b5 9. Bb3 O-O 10. Nc3 d6 11. h3 Bb7 12. Bf4 Na5 13. Bc2 Qd7 14. Re1 Rfe8 15. e5
Nd5 16. Nxd5 Bxd5 17. Be4 Bxe4 18. Rxe4 h6 19. Qc2 g5 20. Bg3 f5 21. exf6 Bxf6
22. Rc1 Rxe4 23. Qxe4 Rf8 24. b3 Bg7 25. d5 Nb7 26. b4 Nd8 27. Nd4 Rf7 28. Qg6
Rf6 29. Qe4 Rf7 30. h4 Qe7 31. Qg4 h5 32. Qd1 gxh4 33. Bh2 Qg5 34. Ne6 Nxe6 35.
dxe6 Re7 36. Kh1 Qf5 37. Qf3 Qxf3 38. gxf3 Kh7 39. Bf4 Kg6 40. Be3 Kf5 41. Ba7
Be5 42. Be3 d5 43. Rc5 Kxe6 44. Rc6+ Kf5 45. Rh6 d4 46. Rxh5+ Kg6 47. Rh6+ Kg7
48. Bg5 Rf7 49. Rxh4 Rxf3 50. Re4 Bf6 51. Kg2 Rd3 52. Bf4 Rc3 53. Re8 Kg6 54.
Ra8 Rc6 55. Rc8 Kf5 56. Rxc7 Rxc7 57. Bxc7 Ke4 58. Kf1 Kd3 59. Ke1 Kc2 60. Bf4
d3 61. Bd2 Bb2 0-1

[Event "46th Capablanca Memorial Premier"]
[Site "Havana CUB"]
[Date "2011.05.16"]
[Round "6"]
[White "Espinosa Veloz, Ermes"]
[Black "Cordova, Emilio"]
[Result "0-1"]
[WhiteTitle "FM"]
[BlackTitle "GM"]
[WhiteElo "2467"]
[BlackElo "2561"]
[WhiteFideId "3507424"]
[BlackFideId "3801497"]
[EventDate "2011.05.11"]

1. e4 c5 2. Nf3 a6 3. c3 d6 4. d4 Qc7 5. h3 g6 6. Be2 Bg7 7. O-O b6 8. e5 Nd7 9.
exd6 Qxd6 10. Nbd2 Ngf6 11. Nc4 Qc7 12. d5 b5 13. d6 Qc6 14. Ng5 bxc4 15. Bf3
Qxd6 16. Bxa8 Ne5 17. Qxd6 exd6 18. Ne4 Nxe4 19. Bxe4 Be6 20. Rd1 Ke7 21. Bg5+
f6 22. Bf4 Rb8 23. Rab1 f5 24. Bd5 Bxd5 25. Rxd5 Ke6 26. Rbd1 Rb6 27. b3 cxb3
28. axb3 Nf7 29. R5d3 g5 30. Re1+ Kd7 31. Rde3 gxf4 32. Re7+ Kc6 33. Rxf7 Bxc3
34. Re8 Rxb3 35. Rxh7 Rb1+ 36. Kh2 Be5 37. Ra7 f3+ 38. g3 Rf1 39. Rxa6+ Kd7 40.
Rg8 Rxf2+ 41. Kh1 Rf1+ 42. Kh2 f4 43. Ra7+ Kc6 44. g4 Bd4 45. h4 f2 0-1

[Event "46th Capablanca Memorial Premier"]
[Site "Havana CUB"]
[Date "2011.05.16"]
[Round "6"]
[White "Corrales Jimenez, Fidel"]
[Black "Almeida Quintana, Omar"]
[Result "1-0"]
[WhiteTitle "GM"]
[BlackTitle "GM"]
[WhiteElo "2586"]
[BlackElo "2555"]
[WhiteFideId "3506690"]
[BlackFideId "3503313"]
[EventDate "2011.05.11"]

1. e4 g6 2. d4 Bg7 3. Nc3 d6 4. f4 a6 5. Nf3 b5 6. Bd3 Nd7 7. a4 b4 8. Ne2 c5 9.
c3 bxc3 10. bxc3 Bb7 11. O-O Qc7 12. Rb1 Rb8 13. d5 c4 14. Bc2 Ngf6 15. Ned4 O-O
16. f5 Ne5 17. Ng5 Bc8 18. fxg6 hxg6 19. Rxb8 Qxb8 20. Qe1 Bd7 21. Qh4 Re8 22.
Kh1 Qb6 23. Ba3 Rb8 24. h3 Qc7 25. Ndf3 Nxf3 26. Rxf3 Bxa4 27. Bxa4 Rb1+ 28. Kh2
Qb6 29. Kg3 Ra1 30. Be8 Nh5+ 31. Kg4 Nf6+ 32. Rxf6 exf6 33. Bxf7+ Kf8 34. Qh7 1-0

[Event "46th Capablanca Memorial Premier"]
[Site "Havana CUB"]
[Date "2011.05.17"]
[Round "7"]
[White "Almeida Quintana, Omar"]
[Black "Ortiz Suarez, Isan Reynaldo"]
[Result "0-1"]
[WhiteTitle "GM"]
[BlackTitle "IM"]
[WhiteElo "2555"]
[BlackElo "2569"]
[WhiteFideId "3503313"]
[BlackFideId "3507165"]
[EventDate "2011.05.11"]

1. d4 Nf6 2. c4 e6 3. Nc3 Bb4 4. Bg5 h6 5. Bh4 b6 6. f3 c5 7. d5 exd5 8. cxd5
O-O 9. a3 Bxc3+ 10. bxc3 Re8 11. Bf2 Ba6 12. e4 Bxf1 13. Kxf1 d6 14. Ne2 Nbd7
15. Ng3 Ne5 16. Nf5 g6 17. Ne3 Qc8 18. Bg3 b5 19. Kf2 c4 20. Bxe5 dxe5 21. Re1
Qc5 22. Kg1 Rab8 23. Kh1 h5 24. Qd2 a5 25. Qe2 Rec8 26. Rec1 Kg7 27. g3 Nd7 28.
g4 h4 29. Ra2 h3 30. Qf2 b4 31. axb4 axb4 32. cxb4 Rxb4 33. Rac2 Nb6 34. Rc3 Qd4
35. Qf1 Rb3 36. Qe1 Ra8 37. Rxb3 cxb3 38. Rd1 b2 39. Rxd4 exd4 40. Nc2 Nc4 41.
Kg1 d3 42. Ne3 Kg8 0-1

[Event "46th Capablanca Memorial Premier"]
[Site "Havana CUB"]
[Date "2011.05.17"]
[Round "7"]
[White "Cordova, Emilio"]
[Black "Corrales Jimenez, Fidel"]
[Result "1-0"]
[WhiteTitle "GM"]
[BlackTitle "GM"]
[WhiteElo "2561"]
[BlackElo "2586"]
[WhiteFideId "3801497"]
[BlackFideId "3506690"]
[EventDate "2011.05.11"]

1. d4 Nf6 2. Nf3 e6 3. c4 b6 4. g3 Ba6 5. Nbd2 c5 6. Bg2 Bb7 7. O-O cxd4 8. Nxd4
Bxg2 9. Kxg2 Be7 10. e4 Nc6 11. Nxc6 dxc6 12. e5 Nd7 13. Qg4 O-O 14. Nf3 Re8 15.
h4 Qc7 16. Bf4 Nc5 17. h5 Kh8 18. Rad1 Rad8 19. h6 g6 20. Bg5 Rxd1 21. Rxd1 Rd8
22. Qh4 Rxd1 23. Bxe7 Nd7 24. Bd8 Qb7 25. Qe7 Kg8 26. Qe8+ Nf8 27. Be7 1-0

[Event "46th Capablanca Memorial Premier"]
[Site "Havana CUB"]
[Date "2011.05.17"]
[Round "7"]
[White "Alvarez Pedraza, Aramis"]
[Black "Espinosa Veloz, Ermes"]
[Result "1/2-1/2"]
[WhiteTitle "GM"]
[BlackTitle "FM"]
[WhiteElo "2538"]
[BlackElo "2467"]
[WhiteFideId "3507408"]
[BlackFideId "3507424"]
[EventDate "2011.05.11"]

1. Nf3 Nf6 2. g3 g6 3. Bg2 Bg7 4. O-O O-O 5. d3 d6 6. e4 e5 7. Nbd2 c5 8. c3 Nc6
9. a4 Re8 10. Re1 h6 11. Rb1 a6 12. b4 1/2-1/2

[Event "46th Capablanca Memorial Premier"]
[Site "Havana CUB"]
[Date "2011.05.17"]
[Round "7"]
[White "Vocaturo, Daniele"]
[Black "Leon Hoyos, Manuel"]
[Result "0-1"]
[WhiteTitle "GM"]
[BlackTitle "GM"]
[WhiteElo "2540"]
[BlackElo "2563"]
[WhiteFideId "813192"]
[BlackFideId "5105269"]
[EventDate "2011.05.11"]

1. e4 c5 2. Nc3 g6 3. d4 cxd4 4. Qxd4 Nf6 5. Nf3 Nc6 6. Qa4 d6 7. e5 dxe5 8.
Nxe5 Bd7 9. Nxd7 Qxd7 10. Be3 Bg7 11. Be2 O-O 12. O-O a6 13. Bb6 Qf5 14. Bd3 Qh5
15. Rad1 Rfc8 16. Qf4 Nd5 17. Nxd5 Be5 18. Be2 Qxe2 19. Qe3 Qxe3 20. Bxe3 Rd8
21. Bb6 Re8 22. Nc7 Bxc7 23. Bxc7 b5 24. Rfe1 Kf8 25. Kf1 Rec8 26. Bb6 Rab8 27.
Bc5 Rd8 28. c3 Ke8 29. Ke2 Rbc8 30. Bb6 Rxd1 31. Rxd1 Ne5 32. Bd4 Nc4 33. b3 Nd6
34. g4 Kd7 35. Rd3 f6 36. f4 h5 37. gxh5 gxh5 38. Rh3 Rh8 39. Kd3 Nf5 40. c4 Ke6
41. Bc5 Rc8 42. Bb6 bxc4+ 43. bxc4 h4 44. Kc3 Rg8 45. Kb4 Kd7 46. Ka5 Kc6 47.
Ba7 Rg2 48. a4 Kb7 49. Bc5 Rb2 50. Bg1 Rb1 51. Bf2 e5 52. Rd3 e4 53. Rd7+ Kc8
54. Rf7 e3 55. Bxe3 Nxe3 56. Rxf6 Rh1 57. Re6 Nxc4+ 58. Kxa6 Kd7 59. Re2 Rf1 60.
Re4 Nd6 61. Rd4 Kc6 62. a5 Rf2 63. f5 Nxf5 64. Rg4 Rxh2 65. Rf4 Nd6 66. Ka7 h3
67. Rf3 Nb5+ 68. Ka8 Rd2 69. Rf8 h2 0-1

[Event "46th Capablanca Memorial Premier"]
[Site "Havana CUB"]
[Date "2011.05.18"]
[Round "8"]
[White "Ortiz Suarez, Isan Reynaldo"]
[Black "Leon Hoyos, Manuel"]
[Result "0-1"]
[WhiteTitle "IM"]
[BlackTitle "GM"]
[WhiteElo "2569"]
[BlackElo "2563"]
[WhiteFideId "3507165"]
[BlackFideId "5105269"]
[EventDate "2011.05.11"]

1. d4 Nf6 2. c4 c5 3. d5 b5 4. cxb5 a6 5. bxa6 g6 6. Nc3 Bxa6 7. g3 d6 8. Bg2
Bg7 9. Nf3 Nbd7 10. O-O Nb6 11. Nh4 O-O 12. Rb1 Nc4 13. Qc2 Qa5 14. a4 Nd7 15.
Na2 Ncb6 16. Bg5 Nxa4 17. Rfc1 Bb5 18. Bf1 Rfe8 19. Bd2 Qa6 20. b4 Rec8 21. Qe4
Nf6 22. Qf3 Bc4 23. Nc3 Nxc3 24. Bxc3 Nxd5 25. Bxg7 Kxg7 26. b5 Qa4 27. b6 Rcb8
28. b7 Ra7 29. e4 Bxf1 30. exd5 Ba6 31. Ra1 Qd4 32. Ra3 Rbxb7 33. Rca1 Rb6 34.
h3 Qc4 0-1

[Event "46th Capablanca Memorial Premier"]
[Site "Havana CUB"]
[Date "2011.05.18"]
[Round "8"]
[White "Quesada Perez, Yuniesky"]
[Black "Vocaturo, Daniele"]
[Result "1/2-1/2"]
[WhiteTitle "GM"]
[BlackTitle "GM"]
[WhiteElo "2626"]
[BlackElo "2540"]
[WhiteFideId "3504409"]
[BlackFideId "813192"]
[EventDate "2011.05.11"]

1. e4 e5 2. Nf3 Nc6 3. Bb5 a6 4. Ba4 Nf6 5. d3 d6 6. c3 g6 7. Nbd2 Bg7 8. O-O
O-O 9. Re1 Kh8 10. d4 Bd7 11. dxe5 dxe5 12. Nf1 Ne8 13. Be3 Qe7 14. b4 b6 15.
Bg5 f6 16. Bh4 Bh6 17. Qd5 b5 18. Bb3 Nd6 19. Ne3 Bxe3 20. Rxe3 Rac8 21. Ree1
Nd8 22. Rad1 Bg4 23. Rd3 Qg7 24. Bg3 Be6 25. Qc5 N8b7 26. Qe3 Nc4 27. Qe2 Nbd6
28. Nd2 g5 29. f3 Qf7 30. Nf1 a5 31. a4 bxa4 32. Bxa4 axb4 33. cxb4 Nb6 34. Qd1
Nxa4 35. Qxa4 Bc4 36. Rd2 Ra8 37. Qc2 Rfb8 38. Ne3 Rxb4 39. h4 gxh4 40. Bxh4 Be6
41. Rc1 Ra2 42. Qd1 Rxd2 43. Qxd2 Rd4 44. Qa5 Ne8 45. Qa8 Kg7 46. Rb1 Rd2 47.
Qc6 Qd7 48. Qxd7+ Rxd7 49. Rc1 Kf7 50. Be1 Rd3 51. Kf2 Ra3 52. g4 Kg6 53. Nf5 h5
54. gxh5+ Kxh5 55. Bd2 Ra2 56. Ke2 Kg6 57. Ne3 Kf7 58. Rc2 Ra7 59. Bb4 Ng7 60.
Bc5 Ra4 61. Kf2 Nh5 62. Ng2 Ke8 63. Be3 Kd7 64. Rd2+ Kc8 65. Rc2 Rb4 66. Bc5 Rb1
67. Be3 Bb3 68. Rd2 Rh1 69. Re2 Ng7 70. Re1 Rh3 71. Rg1 Ne6 72. Ne1 Rh2+ 73. Rg2
Rxg2+ 74. Kxg2 Kd7 75. Nd3 Kd6 76. Kf2 c5 77. Bd2 Bc2 78. Nb2 Bb3 79. Nd3 Nd4
80. f4 Bc2 81. fxe5+ fxe5 82. Ke3 Bxd3 83. Kxd3 Kc6 84. Bg5 Kb5 85. Bf6 Nc6 86.
Kc3 c4 1/2-1/2

[Event "46th Capablanca Memorial Premier"]
[Site "Havana CUB"]
[Date "2011.05.18"]
[Round "8"]
[White "Espinosa Veloz, Ermes"]
[Black "Bluvshtein, Mark"]
[Result "0-1"]
[WhiteTitle "FM"]
[BlackTitle "GM"]
[WhiteElo "2467"]
[BlackElo "2589"]
[WhiteFideId "3507424"]
[BlackFideId "2603608"]
[EventDate "2011.05.11"]

1. e4 e5 2. Nf3 Nc6 3. Bb5 Nf6 4. O-O Nxe4 5. d4 Nd6 6. Bxc6 dxc6 7. dxe5 Nf5 8.
Qxd8+ Kxd8 9. Nc3 Bd7 10. b3 Kc8 11. Bb2 Be7 12. Rad1 Nh4 13. Nd4 c5 14. Nd5 Bd8
15. Ne2 a5 16. a4 Ra6 17. c4 Re8 18. Ng3 Nf5 19. Ne4 Rc6 20. f4 b6 21. Rd3 Rg6
22. Rfd1 Be6 23. R1d2 h5 24. Kf1 h4 25. Kg1 Rh8 26. Kf1 Nh6 27. Kg1 Bf5 28. Re3
Re6 29. Re1 f6 30. Rde2 Rhe8 31. Nf2 Bh7 32. Kf1 c6 33. Nc3 fxe5 34. fxe5 Nf5
35. Nce4 Rf8 36. Rd2 Be7 37. Kg1 Nd4 38. Bxd4 cxd4 39. Rxd4 Rxe5 40. Red1 c5 41.
R4d2 h3 42. Nd6+ Bxd6 43. Rxd6 Bc2 44. Rc1 Re2 45. Rf1 hxg2 46. Kxg2 Kc7 47. Rd5
Be4+ 0-1

[Event "46th Capablanca Memorial Premier"]
[Site "Havana CUB"]
[Date "2011.05.19"]
[Round "9"]
[White "Cordova, Emilio"]
[Black "Ortiz Suarez, Isan Reynaldo"]
[Result "1/2-1/2"]
[WhiteTitle "GM"]
[BlackTitle "IM"]
[WhiteElo "2561"]
[BlackElo "2569"]
[WhiteFideId "3801497"]
[BlackFideId "3507165"]
[EventDate "2011.05.11"]

1. d4 d5 2. Nf3 Nf6 3. c4 c6 4. e3 Bf5 5. Nc3 e6 6. Nh4 Be4 7. f3 Bg6 8. Qb3 Qc7
9. Bd2 Be7 10. g3 a6 11. Rc1 dxc4 12. Bxc4 Nbd7 13. a4 O-O 14. O-O Rad8 15. Nxg6
hxg6 16. Ne4 Nd5 17. Nf2 N5f6 18. Nh3 Kh8 19. Rfd1 c5 20. Bxe6 fxe6 21. Nf4 Rfe8
22. Nxe6 Qb8 23. d5 Rc8 24. e4 Bd6 25. Kg2 Ne5 26. Qe3 c4 27. Bc3 b5 28. axb5
axb5 29. Ra1 Re7 30. f4 Nd3 31. Qf3 Qb7 32. Bd4 Bb8 33. b3 Qd7 34. bxc4 bxc4 35.
Ra6 Qb5 36. Rb6 Qa5 37. Nxg7 Rxg7 38. Rxf6 Ba7 39. Qg4 Qa2+ 40. Kf3 Bxd4 41.
Qh3+ Kg8 42. Qxc8+ Kh7 43. Qh3+ Kg8 1/2-1/2

[Event "46th Capablanca Memorial Premier"]
[Site "Havana CUB"]
[Date "2011.05.19"]
[Round "9"]
[White "Vocaturo, Daniele"]
[Black "Espinosa Veloz, Ermes"]
[Result "1-0"]
[WhiteTitle "GM"]
[BlackTitle "FM"]
[WhiteElo "2540"]
[BlackElo "2467"]
[WhiteFideId "813192"]
[BlackFideId "3507424"]
[EventDate "2011.05.11"]

1. e4 e5 2. Nf3 Nc6 3. Bc4 Nf6 4. d3 Be7 5. O-O O-O 6. Re1 d6 7. a4 Kh8 8. a5 a6
9. h3 Ng8 10. Nc3 f5 11. Nd5 h6 12. b4 fxe4 13. dxe4 Be6 14. Bd2 Bf7 15. Ra3 Bh5
16. Be2 Bg6 17. Re3 Nf6 18. Bc4 Bh5 19. Qb1 Nxd5 20. exd5 Bxf3 21. Rxf3 Rxf3 22.
dxc6 Rf8 23. cxb7 Ra7 24. Bd5 Qb8 25. c3 Rxb7 26. Qd3 Ra7 27. Bb3 Rf6 28. Bd5 c5
29. Re4 Qf8 30. Be3 Rf5 31. Be6 Rf6 32. Bc4 Rf5 33. h4 Ra8 34. Bd5 Ra7 35. g3 g5
36. g4 Rf3 37. bxc5 gxh4 38. Qe2 Bg5 39. cxd6 Bxe3 40. Rxe3 Rxe3 41. Qxe3 Qxd6
42. Qxa7 Qxd5 43. Qxa6 Kg7 44. Qa7+ Kg6 45. Qb6+ Kg5 46. a6 Qc4 47. Qe3+ Kg6 48.
a7 Qxg4+ 49. Kh2 Qa4 50. c4 Qc6 51. Qa3 Qa8 52. Qd6+ Kh7 53. Qe7+ Kg6 54. Qe6+
Kh7 55. Qf5+ Kg8 56. Qg6+ Kf8 57. Qh7 1-0

[Event "46th Capablanca Memorial Premier"]
[Site "Havana CUB"]
[Date "2011.05.19"]
[Round "9"]
[White "Leon Hoyos, Manuel"]
[Black "Quesada Perez, Yuniesky"]
[Result "0-1"]
[WhiteTitle "GM"]
[BlackTitle "GM"]
[WhiteElo "2563"]
[BlackElo "2626"]
[WhiteFideId "5105269"]
[BlackFideId "3504409"]
[EventDate "2011.05.11"]

1. c4 Nf6 2. g3 e5 3. Bg2 Nc6 4. Nc3 Bc5 5. Nf3 d6 6. O-O O-O 7. d3 h6 8. a3 a6
9. b4 Ba7 10. Bb2 Bf5 11. h3 Qd7 12. Kh2 Bh7 13. Rc1 Rfe8 14. e3 Rad8 15. Qe2
Ne7 16. Rfd1 Qe6 17. c5 Nc6 18. d4 exd4 19. Nxd4 Nxd4 20. Rxd4 dxc5 21. Rxd8
Rxd8 22. Bxb7 c4 23. Rd1 Rd3 24. Qf3 Bf5 25. Rxd3 cxd3 26. Bxa6 Bb6 27. g4 Bg6
28. Nd1 Ne4 29. Bb7 c6 30. Kg1 Qb3 31. Kh2 Bc7+ 0-1